<?xml version="1.0" encoding="UTF-8"?>
<record
    xmlns:xsi="http://www.w3.org/2001/XMLSchema-instance"
    xsi:schemaLocation="http://www.loc.gov/MARC21/slim http://www.loc.gov/standards/marcxml/schema/MARC21slim.xsd"
    xmlns="http://www.loc.gov/MARC21/slim">

  <leader>01728cam a22002531  4500</leader>
  <datafield tag="999" ind1=" " ind2=" ">
    <subfield code="c">21233</subfield>
    <subfield code="d">21233</subfield>
  </datafield>
  <controlfield tag="001">5982365</controlfield>
  <controlfield tag="003">OSt</controlfield>
  <controlfield tag="005">20170121101444.0</controlfield>
  <controlfield tag="008">760629s1942    mouc          000 0 eng  </controlfield>
  <datafield tag="010" ind1=" " ind2=" ">
    <subfield code="a">   42019118 </subfield>
  </datafield>
  <datafield tag="035" ind1=" " ind2=" ">
    <subfield code="a">(OCoLC)2287928</subfield>
  </datafield>
  <datafield tag="040" ind1=" " ind2=" ">
    <subfield code="a">DLC</subfield>
    <subfield code="c">ViW</subfield>
    <subfield code="d">OCoLC</subfield>
    <subfield code="d">DLC</subfield>
  </datafield>
  <datafield tag="050" ind1="0" ind2="0">
    <subfield code="a">AS36</subfield>
    <subfield code="b">.W29</subfield>
  </datafield>
  <datafield tag="082" ind1=" " ind2=" ">
    <subfield code="a">041</subfield>
  </datafield>
  <datafield tag="110" ind1="2" ind2=" ">
    <subfield code="a">Washington University (Saint Louis, Mo.)</subfield>
  </datafield>
  <datafield tag="245" ind1="1" ind2="0">
    <subfield code="a">Studies in honor of Frederick W. Shipley,</subfield>
    <subfield code="c">by his colleagues ...</subfield>
  </datafield>
  <datafield tag="260" ind1=" " ind2=" ">
    <subfield code="a">St. Louis,</subfield>
    <subfield code="c">1942.</subfield>
  </datafield>
  <datafield tag="300" ind1=" " ind2=" ">
    <subfield code="a">xi, 314 p.</subfield>
    <subfield code="b">front. (port.)</subfield>
    <subfield code="c">25 cm.</subfield>
  </datafield>
  <datafield tag="490" ind1="0" ind2=" ">
    <subfield code="a">Washington University studies. New series. Language and literature,</subfield>
    <subfield code="v">no. 14</subfield>
  </datafield>
  <datafield tag="505" ind1="0" ind2=" ">
    <subfield code="a">Frederick William Shipley, by G.R. Throop.--A Constitutional doctrine re-examined, by D. McFayden.--The use of fire in Greek and Roman love magic, by E. Tavenner.--Thucydides and the causes of the Peloponnesian War, by T.S. Duncan.--Prehistoric Macedonia, by G.E. Mylonas.--Classical "Ariels," by Otto Brendal.--An Aesopic allusion in the Roman d'Alexandre, by Bateman Edwards.--The poetic theories of Minturno, by Bernard Weinberg.--Pereda's realism; his style, by Sherman Eoff.--Early English and American critics of French symbolism, by B. A. Morrissette.--Bibliographical data on Diderot, by H. Dieckmann.--Rosencrantz and Guildenstern, by W.R. Mackenzie.--The contemporary reception of Edmund Burke's speaking, by D.C. Bryant.--The moral sense of simplicity, by R.F. Jones.--Imitation as an aesthetic norm, by F.O. Nolte.--Immediacy; its nature and value, by C.E. Cory.</subfield>
  </datafield>
  <datafield tag="700" ind1="1" ind2=" ">
    <subfield code="a">Shipley, Frederick W.</subfield>
    <subfield code="q">(Frederick William),</subfield>
    <subfield code="d">1871-1945.</subfield>
  </datafield>
  <datafield tag="906" ind1=" " ind2=" ">
    <subfield code="a">7</subfield>
    <subfield code="b">cbc</subfield>
    <subfield code="c">oclcrpl</subfield>
    <subfield code="d">u</subfield>
    <subfield code="e">ncip</subfield>
    <subfield code="f">19</subfield>
    <subfield code="g">y-gencatlg</subfield>
  </datafield>
  <datafield tag="942" ind1=" " ind2=" ">
    <subfield code="2">lcc</subfield>
    <subfield code="c">BOOKS</subfield>
    <subfield code="h">PA 26 .C65 1942</subfield>
  </datafield>
  <datafield tag="952" ind1=" " ind2=" ">
    <subfield code="0">0</subfield>
    <subfield code="1">0</subfield>
    <subfield code="2">lcc</subfield>
    <subfield code="4">0</subfield>
    <subfield code="7">0</subfield>
    <subfield code="a">MUC</subfield>
    <subfield code="b">MUC</subfield>
    <subfield code="c">GEN</subfield>
    <subfield code="d">2017-01-21</subfield>
    <subfield code="e">Donation (BFA)</subfield>
    <subfield code="l">0</subfield>
    <subfield code="o">PA 26 .C65 1942</subfield>
    <subfield code="p">31317</subfield>
    <subfield code="r">2017-01-21</subfield>
    <subfield code="w">2017-01-21</subfield>
    <subfield code="y">BOOKS</subfield>
  </datafield>
</record>
